|
|
|
|
| LEADER |
00000nam0a2200000 4500 |
| 001 |
140546 |
| 005 |
20231031142059.0 |
| 010 |
|
|
|a 1402031017
|
| 035 |
|
|
|a (RuTPU)RU\TPU\book\152262
|
| 090 |
|
|
|a 140546
|
| 100 |
|
|
|a 20080702d2006 k y0engy50 ba
|
| 101 |
0 |
|
|a eng
|
| 102 |
|
|
|a NL
|
| 105 |
|
|
|a a z 001zy
|
| 200 |
1 |
|
|a Hydrogeophysics
|f edited by Y. Rubin, S. S. Hubbard
|
| 210 |
|
|
|a Dordrecht
|c Springer
|d 2006
|
| 215 |
|
|
|a 523 p.
|c il.
|
| 225 |
1 |
|
|a Water Science and Technology Library
|v Vol. 50
|
| 320 |
|
|
|a Библиография в конце статей
|
| 320 |
|
|
|a Index: p. 513-521.
|
| 610 |
1 |
|
|a геология
|
| 610 |
1 |
|
|a гидрология
|
| 610 |
1 |
|
|a гидрофизика
|
| 610 |
1 |
|
|a гидрофизические исследования
|
| 610 |
1 |
|
|a английский язык
|
| 675 |
|
|
|a 556:550.3
|v 3
|
| 702 |
|
1 |
|a Rubin
|b Y.
|g Yoram
|4 340
|
| 702 |
|
1 |
|a Hubbard
|b S. S.
|g Susan S.
|4 340
|
| 801 |
|
1 |
|a RU
|b 63413507
|c 20080702
|g PSBO
|
| 801 |
|
2 |
|a RU
|b 63413507
|c 20080714
|g PSBO
|
| 942 |
|
|
|c BK
|